<?xml version="1.0" encoding="UTF-8"?>
<record
    xmlns:xsi="http://www.w3.org/2001/XMLSchema-instance"
    xsi:schemaLocation="http://www.loc.gov/MARC21/slim http://www.loc.gov/standards/marcxml/schema/MARC21slim.xsd"
    xmlns="http://www.loc.gov/MARC21/slim">

  <leader>01357nam2a22002411i 4500</leader>
  <controlfield tag="001">RU\NLR\INFOCOMM6\1000418393</controlfield>
  <controlfield tag="005">20240727092118.0</controlfield>
  <datafield tag="035" ind1=" " ind2=" ">
    <subfield code="a">(NLR Aleph) 002464266</subfield>
  </datafield>
  <datafield tag="090" ind1=" " ind2=" ">
    <subfield code="a">2280198</subfield>
    <subfield code="c">2280198</subfield>
  </datafield>
  <datafield tag="100" ind1=" " ind2=" ">
    <subfield code="a">20040402d1979    |||y0rusy50      ba</subfield>
  </datafield>
  <datafield tag="101" ind1="0" ind2=" ">
    <subfield code="a">rus</subfield>
  </datafield>
  <datafield tag="102" ind1=" " ind2=" ">
    <subfield code="a">RU</subfield>
  </datafield>
  <datafield tag="105" ind1=" " ind2=" ">
    <subfield code="a">y   |||||||||</subfield>
  </datafield>
  <datafield tag="200" ind1="1" ind2=" ">
    <subfield code="a">&#x42D;&#x43A;&#x441;&#x43F;&#x435;&#x440;&#x438;&#x43C;&#x435;&#x43D;&#x442;&#x430;&#x43B;&#x44C;&#x43D;&#x43E;&#x435; &#x438;&#x441;&#x441;&#x43B;&#x435;&#x434;&#x43E;&#x432;&#x430;&#x43D;&#x438;&#x435; &#x43F;&#x43E;&#x43B;&#x43D;&#x44B;&#x445; &#x441;&#x435;&#x447;&#x435;&#x43D;&#x438;&#x439; &#x304;&#x39A;&#x207A; &#x3A0;&#xAF; - &#x432;&#x437;&#x430;&#x438;&#x43C;&#x43E;&#x434;&#x435;&#x439;&#x441;&#x442;&#x432;&#x438;&#x439; &#x438; &#x433;&#x43B;&#x43E;&#x431;&#x430;&#x43B;&#x44C;&#x43D;&#x44B;&#x445; &#x445;&#x430;&#x440;&#x430;&#x43A;&#x442;&#x435;&#x440;&#x438;&#x441;&#x442;&#x438;&#x43A; &#x43C;&#x43D;&#x43E;&#x433;&#x43E;&#x447;&#x430;&#x441;&#x442;&#x438;&#x447;&#x43D;&#x44B;&#x445; &#x44D;&#x43A;&#x441;&#x43A;&#x43B;&#x44E;&#x437;&#x438;&#x432;&#x43D;&#x44B;&#x445; &#x440;&#x435;&#x430;&#x43A;&#x446;&#x438;&#x439; &#x304;&#x39A;&#x207A;p - &#x432;&#x437;&#x430;&#x438;&#x43C;&#x43E;&#x434;&#x435;&#x439;&#x441;&#x442;&#x432;&#x438;&#x44F;&#x445; &#x43F;&#x440;&#x438; 8, 2, 16 &#x438; 32 &#x413;&#x44D;&#x412;/&#x441;</subfield>
    <subfield code="e">&#x410;&#x432;&#x442;&#x43E;&#x440;&#x435;&#x444;. &#x434;&#x438;&#x441;. &#x43D;&#x430; &#x441;&#x43E;&#x438;&#x441;&#x43A;. &#x443;&#x447;&#x435;&#x43D;. &#x441;&#x442;&#x435;&#x43F;&#x435;&#x43D;&#x438; &#x43A;. &#x444;.-&#x43C;. &#x43D;.</subfield>
    <subfield code="f">&#x41E;.&#x413;. &#x427;&#x438;&#x43A;&#x438;&#x43B;&#x435;&#x432;</subfield>
  </datafield>
  <datafield tag="210" ind1=" " ind2=" ">
    <subfield code="d">1979</subfield>
  </datafield>
  <datafield tag="461" ind1=" " ind2="0">
    <subfield code="1">001RU\NLR\INFOCOMM6\1000416985</subfield>
    <subfield code="1">2001#$a[&#x418;&#x437;&#x434;&#x430;&#x43D;&#x438;&#x44F;]$f&#x418;&#x43D;-&#x442; &#x444;&#x438;&#x437;&#x438;&#x43A;&#x438; &#x432;&#x44B;&#x441;&#x43E;&#x43A;&#x438;&#x445; &#x44D;&#x43D;&#x435;&#x440;&#x433;&#x438;&#x439;. &#x418;&#x424;&#x412;&#x42D;$v1979, 69</subfield>
    <subfield code="9">3998336</subfield>
    <subfield code="a">&#x418;&#x43D;&#x441;&#x442;&#x438;&#x442;&#x443;&#x442; &#x444;&#x438;&#x437;&#x438;&#x43A;&#x438; &#x432;&#x44B;&#x441;&#x43E;&#x43A;&#x438;&#x445; &#x44D;&#x43D;&#x435;&#x440;&#x433;&#x438;&#x439; (&#x43F;&#x43E;&#x441;. &#x41F;&#x440;&#x43E;&#x442;&#x432;&#x438;&#x43D;&#x43E;, &#x41C;&#x43E;&#x441;&#x43A;&#x43E;&#x432;&#x441;&#x43A;&#x430;&#x44F; &#x43E;&#x431;&#x43B;.)</subfield>
    <subfield code="c">&#x421;&#x435;&#x440;&#x43F;&#x443;&#x445;&#x43E;&#x432;</subfield>
    <subfield code="d">1967-</subfield>
    <subfield code="f">&#x418;&#x43D;-&#x442; &#x444;&#x438;&#x437;&#x438;&#x43A;&#x438; &#x432;&#x44B;&#x441;&#x43E;&#x43A;&#x438;&#x445; &#x44D;&#x43D;&#x435;&#x440;&#x433;&#x438;&#x439;. &#x418;&#x424;&#x412;&#x42D;</subfield>
    <subfield code="t">[&#x418;&#x437;&#x434;&#x430;&#x43D;&#x438;&#x44F;]</subfield>
    <subfield code="v">1979, 69</subfield>
  </datafield>
  <datafield tag="700" ind1=" " ind2="1">
    <subfield code="a">&#x427;&#x438;&#x43A;&#x438;&#x43B;&#x435;&#x432;</subfield>
    <subfield code="b">&#x41E;.&#x413;.</subfield>
    <subfield code="4">070</subfield>
  </datafield>
  <datafield tag="801" ind1=" " ind2="1">
    <subfield code="a">RU</subfield>
    <subfield code="b">InfoComm</subfield>
    <subfield code="c">20040402</subfield>
  </datafield>
  <datafield tag="801" ind1=" " ind2="0">
    <subfield code="a">RU</subfield>
    <subfield code="b">NLR</subfield>
    <subfield code="g">PSBO</subfield>
  </datafield>
  <datafield tag="852" ind1=" " ind2=" ">
    <subfield code="a">NLR</subfield>
    <subfield code="j">&#x41F;7/1175</subfield>
  </datafield>
  <datafield tag="942" ind1=" " ind2=" ">
    <subfield code="c">ISSUE</subfield>
  </datafield>
  <datafield tag="980" ind1=" " ind2=" ">
    <subfield code="a">RUSPER</subfield>
  </datafield>
</record>
